[Event "IECG CP.2009.P.00014 email"]
[Site "IECG email"]
[Date "2009.10.01"]
[Round "?"]
[White "Pereira, Prashant"]
[Black "Sijses, Wim"]
[Result "0-1"]
[WhiteElo "1298"]
[BlackElo "935"]
[PlyCount "54"]
[EventDate "2009.10.01"]
[EventType "tourn (corr)"]
[EventRounds "6"]
[EventCountry "ARG"]
[SourceTitle "Corr 2024"]
[Source "ChessBase"]
[SourceDate "2023.10.19"]
[SourceVersion "1"]
[SourceVersionDate "2023.10.19"]
[SourceQuality "1"]

1. d4 f5 2. g3 e6 3. Bg2 d6 4. Nf3 Nc6 5. 0-0 Nf6 6. b3 Be7 7. c4 0-0 8. Bb2 Ne4 9. Nc3 d5 10. e3 b6 11. Re1 a5 12. Nd2 Ba6 13. cxd5 exd5 14. Rc1 Nb4 15. Bf1 Bxf1 16. Nxf1 Nxc3 17. Rxc3 Nxa2 18. Rc2 b5 19. Qe2 a4 20. bxa4 bxa4 21. Nd2 Qd7 22. Nf3 Bd6 23. Ra1 Nb4 24. Rcc1 Rfb8 25. Bc3 a3 26. Bxb4 Rxb4 27. Qd3 Rb2 0-1

[Event "IECG CP.2007.P.00055 email"]
[Site "IECG email"]
[Date "2007.10.01"]
[Round "?"]
[White "Rook, Detlef"]
[Black "Sijses, Wim"]
[Result "1-0"]
[WhiteElo "2029"]
[BlackElo "944"]
[PlyCount "31"]
[EventDate "2007.10.01"]
[EventType "tourn (corr)"]
[EventRounds "6"]
[SourceTitle "Corr 2011"]
[Source "ChessBase"]
[SourceDate "2010.08.31"]
[SourceVersion "1"]
[SourceVersionDate "2010.08.31"]
[SourceQuality "1"]

1. d4 d6 2. e4 g6 3. Nc3 Nf6 4. Be3 Bg7 5. Qd2 0-0 6. 0-0-0 c6 7. f3 b5 8. Kb1 b4 9. Nce2 Qa5 10. Nc1 Be6 11. Nge2 Bc4 12. h4 Nbd7 13. h5 Nxh5 14. g4 Nhf6 15. Bh6 Qb6 16. Bxg7 1-0

[Event "IECG CP.2007.P.00055 email"]
[Site "IECG email"]
[Date "2007.10.01"]
[Round "?"]
[White "Sijses, Wim"]
[Black "Van Seben, Edgar"]
[Result "0-1"]
[WhiteElo "944"]
[BlackElo "2236"]
[PlyCount "52"]
[EventDate "2007.10.01"]
[EventType "tourn (corr)"]
[EventRounds "6"]
[SourceTitle "Corr 2011"]
[Source "ChessBase"]
[SourceDate "2010.08.31"]
[SourceVersion "1"]
[SourceVersionDate "2010.08.31"]
[SourceQuality "1"]

1. e4 Nf6 2. e5 Nd5 3. d4 d6 4. Nf3 Bg4 5. Be2 c6 6. 0-0 Bxf3 7. Bxf3 dxe5 8. dxe5 e6 9. c4 Ne7 10. Qe2 Nd7 11. Nc3 Ng6 12. Rd1 Ngxe5 13. Be4 Qh4 14. Be3 f5 15. Bc2 f4 16. Bd4 f3 17. gxf3 Bd6 18. f4 Qxf4 19. Qh5+ g6 20. Bxg6+ Ke7 21. Be4 Nf6 22. Qe2 Nfg4 23. h3 Qh2+ 24. Kf1 Qxh3+ 25. Ke1 Rad8 26. c5 Bc7 0-1

[Event "IECG QF.2006.0.00079 email"]
[Site "IECG email"]
[Date "2006.08.07"]
[Round "?"]
[White "Khramkov, Alexey Gennadievic"]
[Black "Sijses, Wim"]
[Result "1-0"]
[WhiteElo "1000"]
[BlackElo "1003"]
[PlyCount "33"]
[EventDate "2006.08.07"]
[EventType "tourn (corr)"]
[EventRounds "6"]
[SourceTitle "Corr 2008"]
[Source "ChessBase"]
[SourceDate "2008.06.24"]
[SourceVersion "1"]
[SourceVersionDate "2008.06.24"]
[SourceQuality "1"]

1. e4 e5 2. Nc3 Nf6 3. f4 exf4 4. e5 Ng8 5. Nf3 g5 6. h4 g4 7. Ng5 d5 8. exd6 Bxd6 9. Bc4 Qe7+ 10. Qe2 Qxe2+ 11. Nxe2 Nh6 12. d3 Nc6 13. Nxf4 Bf5 14. Bd2 0-0-0 15. 0-0-0 Ne5 16. Bd5 c6 17. Be4 1-0

[Event "IECG QF.2006.0.00079 email"]
[Site "IECG email"]
[Date "2006.08.07"]
[Round "?"]
[White "Sijses, Wim"]
[Black "Guimaraes de Sousa, Mauricio"]
[Result "0-1"]
[WhiteElo "1003"]
[BlackElo "1000"]
[PlyCount "38"]
[EventDate "2006.08.07"]
[EventType "tourn (corr)"]
[EventRounds "6"]
[SourceTitle "Corr 2008"]
[Source "ChessBase"]
[SourceDate "2008.06.24"]
[SourceVersion "1"]
[SourceVersionDate "2008.06.24"]
[SourceQuality "1"]

1. e4 e5 2. Nf3 Nf6 3. d4 exd4 4. e5 Qe7 5. Be2 Nd5 6. 0-0 Nc6 7. Nxd4 Qxe5 8. Nb5 Nb6 9. Re1 Kd8 10. N1c3 Be7 11. Bf3 Qf6 12. Be3 Nc4 13. Nd5 Nxe3 14. Rxe3 Qh6 15. Ndxc7 Rb8 16. Qe1 Qh4 17. Rd1 Rf8 18. Bxc6 bxc6 19. Qa5 Rb6 0-1

[Event "IECG QF.2006.0.00077"]
[Site "IECG email"]
[Date "2006.04.11"]
[Round "?"]
[White "Sijses, Wim"]
[Black "Soldatov, Misha"]
[Result "1-0"]
[WhiteElo "1003"]
[BlackElo "1000"]
[PlyCount "31"]
[EventDate "2006.04.11"]
[EventType "tourn (corr)"]
[EventRounds "6"]
[SourceTitle "Corr 2008"]
[Source "ChessBase"]
[SourceDate "2008.06.24"]
[SourceVersion "1"]
[SourceVersionDate "2008.06.24"]
[SourceQuality "1"]

1. d4 Nf6 2. Nf3 g6 3. c4 d6 4. Nc3 Bg7 5. e4 0-0 6. Be2 Nbd7 7. 0-0 e5 8. dxe5 dxe5 9. Qc2 a5 10. Be3 Ng4 11. Bg5 Ngf6 12. Rad1 Qe8 13. Nb5 Qe7 14. Nxc7 Rb8 15. Nd5 Nc5 16. Nxe7+ 1-0